000
00326nam a22001337a 4500
005
20180425121126.0
008
160520b xxu||||| |||| 00| 0 eng d
041
_a
eng
082
_b
3448
_a
510.2462
100
_a
Grewal B.S.
_9
834
245
_a
Higher Engineering Mathematics
650
_a
DIPLOMA ENGINEERING
_9
817
942
_c
BK
999
_c
1180
_d
1180